[Event "RUS-ch Students"]
[Site "Belgorod"]
[Date "2009.10.13"]
[Round "9"]
[White "Faizrakhmanov, Gennadi"]
[Black "Ovetchkin, Roman"]
[Result "0-1"]
[WhiteElo "2350"]
[BlackElo "2540"]
[PlyCount "64"]
[EventDate "2009.10.05"]
[EventType "swiss"]
[EventRounds "9"]
[EventCountry "RUS"]
[SourceTitle "EXT 2010"]
[Source "ChessBase"]
[SourceDate "2010.11.25"]
[SourceVersion "1"]
[SourceVersionDate "2010.11.25"]
[SourceQuality "1"]

1. e4 d5 2. exd5 Nf6 3. d4 Nxd5 4. c4 Nb6 5. Nc3 e5 6. dxe5 Qxd1+ 7. Nxd1 Nc6 8. f4 Be6 9. b3 0-0-0 10. Be3 Nb4 11. Kf2 Nc2 12. Rc1 Nxe3 13. Nxe3 Rd2+ 14. Be2 Rxa2 15. f5 Bd7 16. c5 Na8 17. Nf3 Be7 18. Rhe1 c6 19. b4 Nc7 20. Ra1 Rb2 21. Nc4 Rxb4 22. Nd6+ Kb8 23. Reb1 Rxb1 24. Rxb1 Nb5 25. Nxf7 Bxf5 26. Rc1 Rf8 27. Nd6 Nc7 28. Nxf5 Rxf5 29. Bd3 Rf8 30. Bxh7 Ne6 31. g4 Ng5 32. Bf5 g6 0-1

[Event "RUS-ch Students"]
[Site "Belgorod"]
[Date "2009.10.12"]
[Round "8"]
[White "Badmatsyrenov, Oleg"]
[Black "Faizrakhmanov, Gennadi"]
[Result "0-1"]
[WhiteElo "2330"]
[BlackElo "2350"]
[PlyCount "82"]
[EventDate "2009.10.05"]
[EventType "swiss"]
[EventRounds "9"]
[EventCountry "RUS"]
[SourceTitle "EXT 2010"]
[Source "ChessBase"]
[SourceDate "2010.11.25"]
[SourceVersion "1"]
[SourceVersionDate "2010.11.25"]
[SourceQuality "1"]

1. e4 e5 2. Nf3 Nf6 3. d4 Nxe4 4. Bd3 d5 5. dxe5 Bf5 6. Nc3 Bb4 7. 0-0 Nc6 8. Bb5 Nxc3 9. bxc3 Bxc3 10. Ba3 d4 11. Rb1 Qd5 12. Bxc6+ bxc6 13. Rb3 Rd8 14. Qe2 Ba5 15. Rd1 Bb6 16. Qd2 h6 17. Rc1 c5 18. c4 Qe6 19. Nh4 Bh7 20. Rg3 g5 21. Nf3 Kd7 22. Ne1 Qe7 23. Nd3 Bxd3 24. Qxd3 Kc8 25. Rf3 Rhe8 26. h3 Qxe5 27. Qb3 f5 28. Rd3 h5 29. Rcd1 g4 30. h4 f4 31. Bc1 Rd6 32. a4 a5 33. Qb5 Kb7 34. Ba3 Re7 35. Bc1 Rde6 36. Qb3 Qf5 37. Bd2 Kc8 38. Kf1 Re2 39. Bc1 Qe4 40. Kg1 g3 41. Rf1 Rxf2 0-1

[Event "RUS-ch U26"]
[Site "Novokuznetsk"]
[Date "2007.10.30"]
[Round "9"]
[White "Zablotsky, Sergei"]
[Black "Faizrakhmanov, Gennadi"]
[Result "1/2-1/2"]
[WhiteElo "2518"]
[BlackElo "2337"]
[PlyCount "106"]
[EventDate "2007.10.22"]
[EventType "swiss"]
[EventRounds "9"]
[EventCountry "RUS"]
[SourceTitle "EXT 2009"]
[Source "ChessBase"]
[SourceDate "2008.11.26"]
[SourceVersion "1"]
[SourceVersionDate "2008.11.26"]
[SourceQuality "1"]

1. c4 Nf6 2. Nc3 e5 3. g3 d5 4. cxd5 Nxd5 5. Bg2 Be6 6. Nf3 Nc6 7. 0-0 Nb6 8. d3 Be7 9. Ne4 0-0 10. Be3 Bd5 11. Nc3 Be6 12. Ne4 Bd5 13. Qc1 f6 14. Rd1 Qc8 15. b3 Rd8 16. Qb2 a5 17. Nc3 Bf7 18. d4 exd4 19. Nxd4 Nxd4 20. Bxd4 Nd5 21. Nxd5 Bxd5 22. Bc5 Bxg2 23. Bxe7 Rxd1+ 24. Rxd1 Qe6 25. Kxg2 Qxe7 26. Qd4 Qe6 27. Qd5 Qxd5+ 28. Rxd5 a4 29. b4 c6 30. Rd7 b5 31. a3 Rc8 32. e3 c5 33. bxc5 Rxc5 34. Rb7 Rc3 35. Rxb5 Rxa3 36. Ra5 Ra2 37. g4 a3 38. h4 Ra1 39. h5 a2 40. Ra7 g6 41. hxg6 hxg6 42. Kf3 Kf8 43. Kf4 Ke8 44. Kf3 Kf8 45. Kf4 Kg8 46. e4 Kf8 47. g5 Rg1 48. Ra8+ Kf7 49. Ra7+ Kf8 50. Rxa2 Rxg5 51. Ke3 Rb5 52. Ra7 Rb4 53. Kf4 Rb5 1/2-1/2

[Event "RUS-ch U26"]
[Site "Novokuznetsk"]
[Date "2007.10.26"]
[Round "5"]
[White "Bedarev, Sergey"]
[Black "Faizrakhmanov, Gennadi"]
[Result "1/2-1/2"]
[WhiteElo "2292"]
[BlackElo "2337"]
[PlyCount "114"]
[EventDate "2007.10.22"]
[EventType "swiss"]
[EventRounds "9"]
[EventCountry "RUS"]
[SourceTitle "EXT 2009"]
[Source "ChessBase"]
[SourceDate "2008.11.26"]
[SourceVersion "1"]
[SourceVersionDate "2008.11.26"]
[SourceQuality "1"]

1. e4 c5 2. c3 Nf6 3. e5 Nd5 4. Nf3 e6 5. g3 d6 6. Bg2 Nc6 7. Qe2 dxe5 8. Nxe5 Nxe5 9. Qxe5 Nf6 10. d4 cxd4 11. 0-0 Be7 12. cxd4 0-0 13. Nc3 Qb6 14. Na4 Qb4 15. Nc5 Nd7 16. Qc7 Bxc5 17. dxc5 Qxc5 18. Qxc5 Nxc5 19. Be3 Na4 20. Rfd1 Nxb2 21. Rd4 a5 22. Rb1 e5 23. Rh4 Nd3 24. Be4 Nb4 25. Bxh7+ Kh8 26. Bc5 Re8 27. Bxb4 axb4 28. Rbxb4 Rd8 29. Rh5 Rd1+ 30. Kg2 Rd4 31. Be4+ Kg8 32. Rxd4 exd4 33. Rd5 Be6 34. Rxd4 Bxa2 35. Bxb7 Rb8 36. Bd5 Bxd5+ 37. Rxd5 g6 38. g4 Kg7 39. h4 Rb7 40. Rd6 Rb4 41. Kg3 Rb5 42. f3 Ra5 43. g5 Rb5 44. Kg4 Rb4+ 45. Kg3 Rb5 46. Rf6 Ra5 47. f4 Rb5 48. h5 gxh5 49. Kh4 Rb1 50. Kxh5 Rg1 51. Rb6 Rg2 52. Rb7 Rg1 53. f5 Rh1+ 54. Kg4 Rg1+ 55. Kf4 Rf1+ 56. Ke4 Re1+ 57. Kd3 Re5 1/2-1/2

[Event "RUS-ch U26"]
[Site "Novokuznetsk"]
[Date "2007.10.23"]
[Round "2"]
[White "Faizrakhmanov, Gennadi"]
[Black "Bulushev, Evgeny"]
[Result "1-0"]
[WhiteElo "2337"]
[BlackElo "2198"]
[PlyCount "129"]
[EventDate "2007.10.22"]
[EventType "swiss"]
[EventRounds "9"]
[EventCountry "RUS"]
[SourceTitle "EXT 2009"]
[Source "ChessBase"]
[SourceDate "2008.11.26"]
[SourceVersion "1"]
[SourceVersionDate "2008.11.26"]
[SourceQuality "1"]

1. d4 Nf6 2. Nf3 g6 3. c4 Bg7 4. Nc3 0-0 5. e4 d6 6. h3 e5 7. d5 Nh5 8. Nh2 Qe8 9. Be2 Nf4 10. Bf3 f5 11. g3 Nxh3 12. Bg2 fxe4 13. Nxe4 Bf5 14. Ng4 h5 15. Nef6+ Bxf6 16. Nh6+ Kg7 17. Nxf5+ gxf5 18. Rxh3 Rh8 19. Qc2 e4 20. Bf4 Na6 21. Bf1 Nc5 22. Be3 Qa4 23. Qxa4 Nxa4 24. Rb1 Bxb2 25. Rxb2 Nxb2 26. Bd4+ Kg6 27. Bxb2 Rh7 28. Kd2 a5 29. Be2 Kg5 30. Kc2 Rf8 31. Bc1+ Kg6 32. Rh4 Re8 33. Bb2 b6 34. Kc3 Re5 35. Kd4 Re8 36. Bd1 Rf8 37. Ke3 Kg5 38. Rh1 Re8 39. Ba4 Ree7 40. Kd4 Kg6 41. Bc3 Re5 42. Bc2 Re8 43. Bd2 Re5 44. Ke3 Kg5 45. f3 exf3+ 46. Kxf3+ Kg6 47. Kf4 Rf7 48. Bd3 Re8 49. Rh4 b5 50. g4 hxg4 51. Rxg4+ Kh5 52. Rg5+ Kh6 53. Bxf5 bxc4 54. Kg4 Rg7 55. Rxg7+ Kxg7 56. Bxa5 Ra8 57. Bxc7 Rxa2 58. Bxd6 Kf6 59. Bb4 Ke5 60. d6 Rg2+ 61. Kf3 Rg8 62. Bh3 Kd5 63. d7 c3 64. Ke2 Kc4 65. Be6+ 1-0

[Event "RUS-chT2"]
[Site "Sochi"]
[Date "2007.05.10"]
[Round "8"]
[White "Shkurikhin, Ilia"]
[Black "Faizrakhmanov, Gennadi"]
[Result "1-0"]
[WhiteElo "2353"]
[BlackElo "2348"]
[PlyCount "133"]
[EventDate "2007.05.03"]
[EventType "team"]
[EventRounds "9"]
[EventCountry "RUS"]
[SourceTitle "CBM 118 Extra"]
[Source "ChessBase"]
[SourceDate "2007.07.04"]
[SourceVersion "1"]
[SourceVersionDate "2007.07.04"]
[SourceQuality "1"]

1. Nf3 Nf6 2. c4 e6 3. Nc3 c5 4. g3 b6 5. Bg2 Bb7 6. 0-0 Nc6 7. d4 Nxd4 8. Nxd4 Bxg2 9. Kxg2 cxd4 10. Qxd4 Qc7 11. Rd1 Qc6+ 12. f3 Bc5 13. Qd3 0-0 14. e4 h6 15. b3 Rfd8 16. Bb2 Be7 17. e5 Ne8 18. Qe4 Qxe4 19. Nxe4 d5 20. cxd5 exd5 21. Nf2 f6 22. Rac1 fxe5 23. Bxe5 Bf6 24. Ng4 Bxe5 25. Nxe5 Rd6 26. Rd4 Rad8 27. Kf2 Re6 28. f4 g5 29. Kf3 gxf4 30. gxf4 h5 31. Rd2 d4 32. Rcd1 Ng7 33. Rxd4 Rf8 34. Rd8 b5 35. Rxf8+ Kxf8 36. Rd8+ Ne8 37. Ke4 Ra6 38. Rd2 Nf6+ 39. Kf5 Ke7 40. Ng6+ Kf7 41. h3 Kg7 42. Ne5 Kf8 43. Rd8+ Kg7 44. Rb8 Nd5 45. Rxb5 Ne7+ 46. Kg5 Rxa2 47. Rb7 Rg2+ 48. Kxh5 Kf6 49. Ng4+ Ke6 50. Rxa7 Rg3 51. Ra6+ Kf7 52. Rb6 Nd5 53. Rb7+ Ke6 54. Kg5 Rf3 55. h4 Nxf4 56. h5 Nh3+ 57. Kh4 Nf4 58. h6 Ng6+ 59. Kg5 Nf8 60. Rb6+ Ke7 61. Ne5 Rg3+ 62. Kf5 Rh3 63. Ng6+ Nxg6 64. Kxg6 Rg3+ 65. Kh7 Kf7 66. Rb7+ Kf6 67. b4 1-0

[Event "Arctic Cup U16"]
[Site "Salekhard"]
[Date "2003.10.10"]
[Round "7"]
[White "Faizrakhmanov, Gennadi"]
[Black "Kopylov, Alexander"]
[Result "1-0"]
[WhiteElo "2248"]
[BlackElo "2142"]
[PlyCount "59"]
[EventDate "2003.10.05"]
[EventType "team-tourn"]
[EventRounds "9"]
[EventCountry "RUS"]
[SourceTitle "CBM 096 Extra"]
[Source "ChessBase"]
[SourceDate "2003.10.22"]
[SourceVersion "2"]
[SourceVersionDate "2003.10.20"]
[SourceQuality "1"]

1. e4 g6 2. d4 Bg7 3. c3 c6 4. Bd3 d5 5. Nd2 Nh6 6. Ngf3 0-0 7. 0-0 f6 8. exd5 cxd5 9. c4 dxc4 10. Nxc4 Nc6 11. Ne3 Nf7 12. Bc4 Bd7 13. Bxf7+ Rxf7 14. d5 Ne5 15. Nxe5 fxe5 16. Qb3 b5 17. Nc2 Bf5 18. Nb4 Qd7 19. Rd1 Be4 20. f3 Bf5 21. Be3 e4 22. f4 e5 23. fxe5 Bxe5 24. Nc6 Bc7 25. d6 Qxc6 26. Rac1 Qe8 27. dxc7 Be6 28. Rd8 Bxb3 29. Rxe8+ Rxe8 30. c8Q 1-0

[Event "Arctic Cup U16"]
[Site "Salekhard"]
[Date "2003.10.06"]
[Round "2"]
[White "Polonsky, Pavel"]
[Black "Faizrakhmanov, Gennadi"]
[Result "0-1"]
[WhiteElo "2131"]
[BlackElo "2248"]
[PlyCount "36"]
[EventDate "2003.10.05"]
[EventType "team-tourn"]
[EventRounds "9"]
[EventCountry "RUS"]
[SourceTitle "CBM 096 Extra"]
[Source "ChessBase"]
[SourceDate "2003.10.22"]
[SourceVersion "2"]
[SourceVersionDate "2003.10.20"]
[SourceQuality "1"]

1. e4 c5 2. Nf3 d6 3. d4 cxd4 4. Nxd4 Nf6 5. f3 e5 6. Nb5 a6 7. N5c3 Be6 8. Bg5 Be7 9. Bxf6 Bxf6 10. Nd5 Bxd5 11. Qxd5 Nc6 12. Bc4 0-0 13. Nc3 Bg5 14. Nd1 Nb4 15. Qxb7 Rb8 16. Qa7 Nxc2+ 17. Kf2 Nxa1 18. Bd3 Qa5 0-1